| 000 | 01587cam a22004337i 4500 | ||
|---|---|---|---|
| 999 |
_c14418 _d14418 |
||
| 001 | 19203061 | ||
| 003 | OSt | ||
| 005 | 20190918150627.0 | ||
| 008 | 160802s2018 maua 001 0 eng c | ||
| 010 | _a 2016949721 | ||
| 020 | _a9781337119207 (hardback) | ||
| 035 | _a(OCoLC)ocn990725498 | ||
| 040 |
_aCOO _beng _cCOO _erda _dOCLCO _dUPM _dDLC |
||
| 042 | _apcc | ||
| 050 | 0 | 0 |
_aHF5636 _b.W3373 2018 |
| 082 |
_22018 _aDC 657 _bW251 |
||
| 100 | 1 |
_aWarren, Carl S., _eauthor. _939764 |
|
| 245 | 1 | 0 |
_aFinancial and managerial accounting / _cCarl S. Warren, James M. Reeve, Jonathan E. Duchac |
| 246 | 1 | 4 | _aFinancial & managerial accounting |
| 246 | 3 | 0 | _aAccounting |
| 250 | _a14e | ||
| 264 | 1 |
_aBoston, MA : _bCengage Learning, _cc2018. |
|
| 300 |
_aiii, 1442 pages: _bcolor illustrations; _c29 cm. |
||
| 336 |
_atext _btxt _2rdacontent |
||
| 337 |
_aunmediated _bn _2rdamedia |
||
| 338 |
_avolume _bnc _2rdacarrier |
||
| 500 | _aIncludes appendices, glossary and index. | ||
| 650 | 0 |
_aAccounting. _939765 |
|
| 650 | 0 |
_aManagerial accounting. _939766 |
|
| 650 | 0 |
_aSole proprietorship _xAccounting. _91291 |
|
| 650 | 7 |
_aAccounting. _2fast _0(OCoLC)fst00795379 _939765 |
|
| 650 | 7 |
_aManagerial accounting. _2fast _0(OCoLC)fst01007320 _939766 |
|
| 650 | 7 |
_aSole proprietorship _xAccounting. _2fast _0(OCoLC)fst01125383 _91291 |
|
| 700 | 1 |
_aReeve, James M., _eauthor. _939767 |
|
| 700 | 1 |
_aDuchac, Jonathan E., _eauthor. _939768 |
|
| 906 |
_a7 _bcbc _cpccadap _d2 _encip _f20 _gy-gencatlg |
||
| 942 |
_2ddc _cDC |
||